000
00313nam a2200157Ia 4500
100
_a
Lewallen/ Dale
490
_v
24
942
_c
BK
654
_a
PC
245
_a
PC Computing
260
_b
Z.D. Publications
_a
Calfornia
_c
1991
082
_a
4.16
_b
PAN
300
_a
434
546
_a
ENGLISH
999
_c
19965
_d
19965